Statistics for Biggest Cities ever under Danish Rule

Click here to take the quiz!

General Stats

  • This quiz has been taken 6,618 times
  • The average score is 13 of 26

Answers on the Map

Answers color-coded by a green-red scale on the quiz's map according to % correct below.
Loading ...
Caribbean SeaGulf of GuineaGhanaGhanaBay of BengalIndiaIndiaMyanmarMyanmarNorth SeaBaltic SeaNorwegian SeaNorth Atlantic Sea
 

Answer Stats

PopulationCity% Correct
1,019,513Oslo
98%
1,330,993Copenhagen
97%
1,758,893Stockholm
97%
1,286,172Helsinki
96%
222,776Reykjavik
95%
321,845Malmö
78%
437,619Tallinn
74%
651,014Gothenburg
71%
257,087Bergen
69%
2,511,190Accra
68%
197,955Serampore
53%
280,534Aarhus
50%
186,364Trondheim
44%
310,300Kiel
34%
274,896Turku
32%
119,898Aalborg
32%
166,049Uppsala
31%
337,541Tampere
30%
225,020Stavanger
29%
202,586Oulu
27%
180,302Odense
27%
246,300Lübeck
22%
125,817Örebro
11%
117,651Lahti
11%
127,799Västerås
10%
126,606Jyväskylä
8%

Score Distribution

Percentile by Number Answered

Percent of People with Each Score

Your Score History

You have not taken this quiz